[Event "FISU World University"]
[Site "Tornelo INT"]
[Date "2020.10.28"]
[Round "7.26"]
[White "Jeyanthan, Krishna Rahul"]
[Black "Abylkasymov, Kairatbek"]
[Result "1/2-1/2"]
[WhiteElo "1629"]
[BlackElo "1827"]
[PlyCount "98"]
[EventDate "2020.10.26"]
[EventType "team-swiss (rapid)"]
[EventRounds "9"]
[EventCountry "NET"]
[SourceTitle "CBM 199 Extra"]
[Source "ChessBase"]
[SourceDate "2021.01.31"]
[SourceVersion "1"]
[SourceVersionDate "2021.01.31"]
[SourceQuality "1"]
[WhiteTeam "Sri Lanka II"]
[BlackTeam "Kyrgyzstan"]
[WhiteTeamCountry "SRI"]
[BlackTeamCountry "KGZ"]

1. e4 e5 2. Nf3 Nc6 3. Bc4 Bc5 4. c3 Nf6 5. d3 d6 6. Nbd2 Bb6 7. 0-0 Ne7 8. Qb3 0-0 9. Ng5 Qe8 10. Re1 h6 11. Ngf3 Ng6 12. Nf1 Bg4 13. N3d2 Nf4 14. h3 Be6 15. Nf3 N6h5 16. d4 Qd7 17. Ng3 Nxg3 18. fxg3 Bxc4 19. Qxc4 Ng6 20. Be3 Kh8 21. Rad1 Qe7 22. Qe2 f5 23. exf5 Rxf5 24. dxe5 Nxe5 25. Bxb6 Nxf3+ 26. Qxf3 Qxe1+ 27. Rxe1 Rxf3 28. gxf3 axb6 29. a3 Kg8 30. Re7 Rc8 31. Kf2 Kf8 32. Rd7 b5 33. Ke3 Re8+ 34. Kf4 Re7 35. Rxe7 Kxe7 36. Kf5 Kf7 37. f4 g6+ 38. Ke4 Ke6 39. g4 d5+ 40. Kd4 Kd6 41. b3 c5+ 42. Ke3 Ke6 43. Kd3 Kf6 44. Ke3 h5 45. Kd3 Ke6 46. Ke3 Kf6 47. Kd3 Ke6 48. Ke3 Kf6 49. Kd3 Ke6 1/2-1/2

[Event "FISU World University"]
[Site "Tornelo INT"]
[Date "2020.10.27"]
[Round "6.24"]
[White "Jeyanthan, Krishna Rahul"]
[Black "Morera Campos, Hazel Maria"]
[Result "1-0"]
[WhiteElo "1629"]
[BlackElo "1980"]
[PlyCount "109"]
[EventDate "2020.10.26"]
[EventType "team-swiss (rapid)"]
[EventRounds "9"]
[EventCountry "NET"]
[SourceTitle "CBM 199 Extra"]
[Source "ChessBase"]
[SourceDate "2021.01.31"]
[SourceVersion "1"]
[SourceVersionDate "2021.01.31"]
[SourceQuality "1"]
[WhiteTeam "Sri Lanka II"]
[BlackTeam "Costa Rica"]
[WhiteTeamCountry "SRI"]
[BlackTeamCountry "CRI"]

1. e4 c6 2. d4 d5 3. Nc3 dxe4 4. Nxe4 Bf5 5. Ng3 Bg6 6. h4 h6 7. Nf3 Nd7 8. h5 Bh7 9. Bd3 Bxd3 10. Qxd3 e6 11. Bd2 Ngf6 12. 0-0-0 Qc7 13. Ne4 Nxe4 14. Qxe4 Nf6 15. Qe2 Bd6 16. g3 0-0-0 17. Kb1 Rhe8 18. c4 c5 19. Bc3 Re7 20. Ne5 Bxe5 21. dxe5 Ne8 22. f4 Red7 23. Rxd7 Qxd7 24. Kc2 Nc7 25. b3 Qc6 26. Rd1 Rxd1 27. Kxd1 Qh1+ 28. Kc2 Qg1 29. Qg4 Qf2+ 30. Bd2 Ne8 31. Qh4 Kd7 32. Qh1 Kc8 33. Qh4 f6 34. Qg4 Kd7 35. exf6 gxf6 36. Qg6 Qe2 37. Qf7+ Kd8 38. Qxb7 f5 39. Qxa7 Qe4+ 40. Kc1 Qh1+ 41. Kb2 Qg2 42. Qa5+ Kd7 43. Ka3 Nd6 44. Qa7+ Nb7 45. Be3 Kc6 46. Qa6+ Kc7 47. Qxe6 Qxg3 48. Qe5+ Kb6 49. b4 Ka7 50. bxc5 Na5 51. c6+ Ka8 52. Qxa5+ Kb8 53. Qb6+ Kc8 54. Qb7+ Kd8 55. Qd7# 1-0

[Event "FISU World University"]
[Site "Tornelo INT"]
[Date "2020.10.27"]
[Round "4.16"]
[White "Mukhit, Aisezym"]
[Black "Jeyanthan, Krishna Rahul"]
[Result "1-0"]
[WhiteElo "1919"]
[BlackElo "1629"]
[PlyCount "77"]
[EventDate "2020.10.26"]
[EventType "team-swiss (rapid)"]
[EventRounds "9"]
[EventCountry "NET"]
[SourceTitle "CBM 199 Extra"]
[Source "ChessBase"]
[SourceDate "2021.01.31"]
[SourceVersion "1"]
[SourceVersionDate "2021.01.31"]
[SourceQuality "1"]
[WhiteTeam "Kazakhstan III"]
[BlackTeam "Sri Lanka II"]
[WhiteTeamCountry "KAZ"]
[BlackTeamCountry "SRI"]

1. e4 e5 2. Nf3 Nc6 3. Bc4 Bc5 4. c3 Nf6 5. d3 d6 6. 0-0 a6 7. Bb3 Ba7 8. Nbd2 h6 9. Re1 Ng4 10. Re2 Qe7 11. h3 Nf6 12. Nf1 Be6 13. d4 Bxb3 14. axb3 g5 15. Ne3 0-0-0 16. d5 Nb8 17. Qd3 Rhg8 18. Nf5 Qd7 19. Nxh6 Rg6 20. Bxg5 Nh7 21. h4 f6 22. Be3 Qh3 23. Ng5 Qxh4 24. Nf5 Qh5 25. Nxh7 Bxe3 26. Ne7+ Kd7 27. Nxg6 Qxg6 28. Nxf6+ Qxf6 29. Rxe3 Rh8 30. Rh3 Rg8 31. Qf3 Qe7 32. Qf5+ Kd8 33. Rh7 Qe8 34. Qf6+ Kc8 35. Re7 Qd8 36. Qe6+ Nd7 37. Rxd7 Qxd7 38. Qxg8+ Qd8 39. Qxd8+ 1-0